| 000 | 00721nam a22002177a 4500 | ||
|---|---|---|---|
| 005 | 2010060304194.0 | ||
| 008 | 100603t xxu||||| |||| 00| 0 eng d | ||
| 010 | _aENG-96281 | ||
| 020 |
_a9780070142978 _c895.00 |
||
| 020 |
_a0070142971 _c895.00 |
||
| 035 | _aEN-79814 | ||
| 037 | _bDBAD/PUB | ||
| 040 |
_aDPL _bEng |
||
| 100 | _aNarayana, V | ||
| 245 |
_aImplementing SAP EPR financials : _ca configuration guide / _bV. Narayanan |
||
| 260 |
_aNew Delhi _bTata McGraw Hill Education _c2010 |
||
| 300 |
_axviii, 965p. : _bill. _c24 cm. (Pbk) |
||
| 500 | _aincludes index | ||
| 942 |
_2ddc _cEN _mNAR |
||
| 999 |
_c36515 _d36515 |
||